Taller de tecnología : educación general básica 1º;2º y 3º ciclo /
Guardado en:
| Autor Principal: | |
|---|---|
| Otros Autores: | |
| Formato: | Libro |
| Publicado: |
Buenos Aires :
Independencia,
1995
|
| Series: | Talleres educativos
|
| Materias: | |
| Etiquetas: |
Agregar Etiqueta
Sin Etiquetas, Sea el primero en etiquetar este registro!
|
| LEADER | 00950nam a22002535a 4500 | ||
|---|---|---|---|
| 001 | CEM.cems008973 | ||
| 005 | 20090918105152.0 | ||
| 008 | 130507s1995##################000#0#####d | ||
| 003 | CEMS | ||
| 020 | |a 9879018117 | ||
| 082 | 0 | 4 | |a 372.86 |
| 100 | 1 | |a Hurrell, Julio | |
| 245 | 1 | 0 | |a Taller de tecnología : |b educación general básica 1º;2º y 3º ciclo / |c Julio Hurrel, Germán Canda |
| 260 | |a Buenos Aires : |b Independencia, |c 1995 | ||
| 300 | |a 222 p. | ||
| 490 | 0 | |a Talleres educativos | |
| 500 | |a Más de 130 propuestas de trabajo | ||
| 505 | 0 | |a La tecnología: alcances y objetivos -- La tecnología en la historia -- La tecnología y el entorno cotidiano -- La tecnología en acción -- Tecnología, ambiente y sociedad | |
| 653 | |a Educación | ||
| 653 | |a Educación tecnológica | ||
| 653 | |a Ley federal de educación | ||
| 653 | |a Tecnología | ||
| 700 | 1 | |a Canda, Germán | |
| 859 | |a CEMS |b BIB. CEMS - 11 de abril |h 372.86 |i H941 |p 18562.95 |t Ej.1 | ||
